Alkoholkonsum in Europa - Statistiken

Allgemein
  • Dieses Quiz wurde 803 mal gespielt
  • Das Durchschnittsergebnis liegt bei 15 aus 20
Antwortstatistiken
Platz Konsum an reinem Alkohol in Litern Länder % Korrekt
13. 16,9 Deutschland
99%
2. 20,1 Russland
95%
11. 17,1 Polen
92%
4. 19,1 Tschechien
88%
14. 16,7 Frankreich
87%
17. 15,9 Griechenland
73%
10. 17,2 Lettland
72%
16. 16 Irland
71%
5. 18,9 Litauen
71%
8. 17,8 Portugal
71%
6. 18,8 Rumänien
71%
15. 16,6 Slowakei
71%
17. 15,9 Belgien
70%
17. 15,9 Estland
70%
3. 19,2 Bulgarien
69%
11. 17,1 Ungarn
69%
9. 17,7 Slowenien
68%
7. 18,5 Serbien
66%
1. 22,8 Moldawien
50%
20. 15,6 Zypern
31%
Keine übereinstimmenden Quizze gefunden
Verteilung der Resultate
Anzahl Personen mit jedem Resultat
Perzentil nach korrekt beantworteten Fragen
Ihre Resultats-Entwicklung
Sie haben dieses Quiz noch nicht gespielt